<?xml version="1.0" encoding="UTF-8"?>
<record
    xmlns:xsi="http://www.w3.org/2001/XMLSchema-instance"
    xsi:schemaLocation="http://www.loc.gov/MARC21/slim http://www.loc.gov/standards/marcxml/schema/MARC21slim.xsd"
    xmlns="http://www.loc.gov/MARC21/slim">

  <leader>00919na  a2200265   4500</leader>
  <controlfield tag="001">24083</controlfield>
  <controlfield tag="003">MIRAKIL</controlfield>
  <controlfield tag="005">20181213155329.0</controlfield>
  <controlfield tag="008">180321b        tu            000 0      </controlfield>
  <datafield tag="020" ind1=" " ind2=" ">
    <subfield code="a">9751605598</subfield>
  </datafield>
  <datafield tag="040" ind1=" " ind2=" ">
    <subfield code="a">Milas</subfield>
    <subfield code="b">tur</subfield>
    <subfield code="c">TR-AnCHP</subfield>
  </datafield>
  <datafield tag="041" ind1=" " ind2=" ">
    <subfield code="a">tur</subfield>
  </datafield>
  <datafield tag="082" ind1=" " ind2=" ">
    <subfield code="a">956.101542</subfield>
    <subfield code="b">S39t 1994</subfield>
  </datafield>
  <datafield tag="090" ind1=" " ind2=" ">
    <subfield code="a">956.101542 S39t 1994</subfield>
  </datafield>
  <datafield tag="100" ind1=" " ind2=" ">
    <subfield code="a">Seyitdanl&#x131;o&#x11F;lu, Mehmet</subfield>
  </datafield>
  <datafield tag="245" ind1=" " ind2=" ">
    <subfield code="a">Tanzimat devrinde meclis-i vala (1838-1868)</subfield>
    <subfield code="c">Mehmet Seyitdanl&#x131;o&#x11F;lu</subfield>
  </datafield>
  <datafield tag="260" ind1=" " ind2=" ">
    <subfield code="a">Ankara</subfield>
    <subfield code="b">Atat&#xFC;rk K&#xFC;lt&#xFC;r Dil ve Tarih Y&#xFC;ksek Kurumu T&#xFC;rk Tarih Kurumu</subfield>
    <subfield code="c">1994</subfield>
  </datafield>
  <datafield tag="300" ind1=" " ind2=" ">
    <subfield code="a">227 s.</subfield>
    <subfield code="b">fot&#x11F;.</subfield>
    <subfield code="c">23 sm.</subfield>
  </datafield>
  <datafield tag="440" ind1=" " ind2=" ">
    <subfield code="a">Atat&#xFC;rk K&#xFC;lt&#xFC;r Dil ve Tarih Y&#xFC;ksek Kurumu T&#xFC;rk Tarih Kurumu yay&#x131;nlar&#x131;</subfield>
    <subfield code="v">VII. dizi- Sa. 149</subfield>
  </datafield>
  <datafield tag="504" ind1=" " ind2=" ">
    <subfield code="a">Kaynak&#xE7;a ve dizin var.</subfield>
  </datafield>
  <datafield tag="650" ind1=" " ind2=" ">
    <subfield code="a">Hukuk reformu</subfield>
    <subfield code="x">T&#xFC;rkiye</subfield>
    <subfield code="x">Tarih</subfield>
  </datafield>
  <datafield tag="650" ind1=" " ind2=" ">
    <subfield code="a">Tanzimat devri</subfield>
    <subfield code="x">Meclisi Vala</subfield>
  </datafield>
  <datafield tag="650" ind1=" " ind2=" ">
    <subfield code="a">T&#xFC;rkiye</subfield>
    <subfield code="x">Siyaset ve y&#xF6;netim</subfield>
    <subfield code="y">19. yy.</subfield>
  </datafield>
  <datafield tag="942" ind1=" " ind2=" ">
    <subfield code="2">ddc</subfield>
    <subfield code="c">BKS</subfield>
  </datafield>
  <datafield tag="952" ind1=" " ind2=" ">
    <subfield code="a">0001</subfield>
    <subfield code="b">0001</subfield>
    <subfield code="d">2018-03-21</subfield>
    <subfield code="e">2</subfield>
    <subfield code="l">0</subfield>
    <subfield code="o">956.101542 S39t 1994</subfield>
    <subfield code="p">018114</subfield>
    <subfield code="r">2018-03-21 00:00:00</subfield>
    <subfield code="v">0.00</subfield>
    <subfield code="w">2018-03-21</subfield>
    <subfield code="y">BKS</subfield>
  </datafield>
  <datafield tag="999" ind1=" " ind2=" ">
    <subfield code="c">10643</subfield>
    <subfield code="d">10643</subfield>
  </datafield>
</record>
